En torno a lo político
Spremljeno u:
| Glavni autor: | |
|---|---|
| Format: | Knjiga |
| Jezik: | španjolski |
| Izdano: |
Buenos Aires
Fondo de Cultura Económica
2007
|
| Izdanje: | 1a. ed |
| Teme: | |
| Oznake: |
Dodaj oznaku
Bez oznaka, Budi prvi tko označuje ovaj zapis!
|
MARC
| LEADER | 00000nam a2200000 a 4500 | ||
|---|---|---|---|
| 001 | UCH3219 | ||
| 003 | CL-VaPUC | ||
| 008 | 090715e20070000AG |||||||||||||||||spa|d | ||
| 020 | |a 9789505577033 | ||
| 082 | 0 | 4 | |a 320.01 |b MOU |2 21 |
| 100 | |a Mouffe, Chantal |e autora |9 591155 | ||
| 245 | 1 | 0 | |a En torno a lo político |
| 250 | |a 1a. ed | ||
| 300 | |a 144 p | ||
| 942 | |c BK | ||
| 945 | |d 20090715 00:00:00 |a dcastane | ||
| 260 | |a Buenos Aires |b Fondo de Cultura Económica |c 2007 | ||
| 650 | 7 | |a FILOSOFIA POLITICA |2 CL-VaPUC |9 538485 | |
| 650 | 0 | |a Política |9 255312 | |
| 650 | 0 | |a Sociología |9 255410 | |
| 583 | |a last modification |c 20090715 00:00:00 |k Rodrigo Vera | ||
| 999 | |c 334843 |d 334841 | ||
| 952 | |0 0 |1 0 |4 0 |6 320_010000000000000_MOU_2007 |7 0 |8 A |9 424080 |a BIBHIS |b BIBHIS |d 2019-11-22 |i 4572904 |o 320.01 MOU 2007 |p 4572904 |r 2025-01-20 |w 2019-11-22 |y BK |k HIS | ||
| 952 | |0 0 |1 0 |4 0 |6 320_010000000000000_MOU_2007 |7 0 |8 A |9 424081 |a BIBGIM |b BIBGIM |d 2019-11-22 |i 4610024 |l 2 |o 320.01 MOU 2007 |p 4610024 |r 2025-05-07 |s 2025-04-30 |w 2019-11-22 |y BK |k MTS | ||
| 952 | |0 0 |1 0 |4 0 |6 320_010000000000000_MOU_2007 |7 0 |8 A |9 424082 |a BIBGIM |b BIBGIM |d 2019-11-22 |i 4610032 |l 2 |o 320.01 MOU 2007 |p 4610032 |q 2025-05-14 |r 2025-05-07 |s 2025-05-07 |w 2019-11-22 |y BK |k MTS | ||